01215nam0a22002411 4500001001100000005001700011021001900028035002600047100004100073101000800114102000700122105001800129200024500147210005300392215002200445225015900467300018200626606004000808700006600848801001800914801002200932852001900954rc\460063520250612130528.0 aRUb[64-39169] a(NLR Aleph) 008666416 a20130416d1964 |||y0rusy50 ca0 arus aRU aa z |||||1 aКонструкция и эксплуатация обрезных станковfНауч.-техн. о-во лесной пром-сти и лесного хозяйства. Обществ. заоч. ин-т Центр. правл. aМоскваcЛесная пром-стьd1964 a63 с.cил.d221 aИз цикла лекций по механизации и автоматизации лесопильного производстваvЛекция 9 aНа обл. загл. серии: Цикл. заоч. лекций по механизации и автоматизации лесопильного производства aОбрезные станки2psbo 1aМазалевbГ.Н.gГеоргий Николаевич 0aRUbNLRgpsbo 1aRUbELAR2rusmarc aNLRj64-6/5716